| 000 -LEADER |
| fixed length control field |
00422 a2200157 4500 |
| 003 - CONTROL NUMBER IDENTIFIER |
| control field |
OSt |
| 005 - DATE AND TIME OF LATEST TRANSACTION |
| control field |
20240117122513.0 |
| 008 - FIXED-LENGTH DATA ELEMENTS--GENERAL INFORMATION |
| fixed length control field |
240117b ||||| |||| 00| 0 eng d |
| 020 ## - INTERNATIONAL STANDARD BOOK NUMBER |
| International Standard Book Number |
9780367659011 |
| 082 ## - DEWEY DECIMAL CLASSIFICATION NUMBER |
| Classification number |
624.154 |
| Item number |
TOM |
| 100 ## - MAIN ENTRY--PERSONAL NAME |
| Personal name |
Tomlinson, M. J. |
| Fuller form of name |
(Michael John) |
| 245 ## - TITLE STATEMENT |
| Title |
Pile design and construction practice |
| 260 ## - PUBLICATION, DISTRIBUTION, ETC. (IMPRINT) |
| Name of publisher, distributor, etc |
CRC Press; 6th edition |
| Date of publication, distribution, etc |
2020 |
| 700 ## - ADDED ENTRY--PERSONAL NAME |
| Personal name |
Woodward, John, |
| Dates associated with a name |
1936- |
| 942 ## - ADDED ENTRY ELEMENTS (KOHA) |
| Source of classification or shelving scheme |
|